00722nam a2200205Ia 4500003000900000008004100009020001800050040001600068080001500084100002800099245010800127260003300235300001300268650004100281650002400322650002900346942000700375999001500382952011900397IN-BaIIA211028s9999 xx 000 0 eng d a0-08-016893-0 cIIA Library a52-64bPOM aPomraning, G. C.910426 4aThe equations of radiation hydrodynamicscG. C. Pomraning  aOxfordbPergamon Pressc1973 ax, 288p. aAstronomy and astrophysics thesaurus aHydrodynamics91514 aRadiative transfer91568 cBK c6007d6007 00104070aBANbBANcGENd1978-11-30g234.90l0o52-64/ POMp6711r2021-11-05v234.90w1978-11-30yBKGRs. 234.90